Science Quiz

Random Science Quiz

12 of Earth's Plates Quiz Stats

 Plays Quiz not verified by Sporcle

Support Sporcle.
Go Orange.
Score 0/12 Timer 10:00
0 Plays Today
% Correct
North American
96.2%
Pacific
96.2%
Eurasian
88.5%
Indian
88.5%
African
84.6%
Cocos
80.8%
Arabian
80.8%
Nazca
80.8%
Antarctic
80.8%
Caribbean
76.9%
China
65.4%
Somali
57.7%

You're not logged in!

Compare scores with friends on all Sporcle quizzes.
OR
Log In

From the Vault

Remove Ads.
Support Sporcle.
Get the best of Sporcle when you Go Orange. This ad-free experience offers more features, more stats, and more fun while also helping to support Sporcle. Thank you for becoming a member.

Show Comments

Extras

Created Feb 29, 2012ReportNominate
Tags:earth, plate

Top Quizzes Today


Score Distribution

Your Account Isn't Verified!

In order to create a playlist on Sporcle, you need to verify the email address you used during registration. Go to your Sporcle Settings to finish the process.

Report this User

Report this user for behavior that violates our Community Guidelines.

Details: